[Event "Rubinstein Memorial 52nd"]
[Site "Polanica Zdroj"]
[Date "2016.08.21"]
[Round "2"]
[White "Kowalczyk, Rafal"]
[Black "Malaniuk, Vladimir P"]
[Result "0-1"]
[WhiteElo "2215"]
[BlackElo "2471"]
[PlyCount "42"]
[EventDate "2016.08.20"]
[EventType "swiss"]
[EventRounds "10"]
[EventCountry "POL"]
[SourceTitle "CBM 174 Extra"]
[Source "ChessBase"]
[SourceDate "2016.10.10"]
[SourceVersion "1"]
[SourceVersionDate "2016.10.10"]
[SourceQuality "1"]

1. e4 d6 2. d4 Nf6 3. Nc3 g6 4. h3 Bg7 5. Nf3 0-0 6. Be3 c6 7. Bd3 Nbd7 8. 0-0 e5 9. b4 Re8 10. dxe5 Nxe5 11. Nxe5 dxe5 12. Bc4 Qc7 13. Kh2 Nh5 14. g3 Nf4 15. gxf4 exf4 16. Bd2 Qd7 17. Rh1 Bxc3 18. Bxc3 Qxh3+ 19. Kg1 Qxc3 20. Bb3 Bg4 21. Qe1 Qf3 0-1

[Event "Kochan Memorial op 27th"]
[Site "Koszalin"]
[Date "2016.08.12"]
[Round "6"]
[White "Cagara, Paulina"]
[Black "Malaniuk, Vladimir P"]
[Result "0-1"]
[WhiteElo "2052"]
[BlackElo "2471"]
[PlyCount "47"]
[EventDate "2016.08.08"]
[EventType "swiss"]
[EventRounds "9"]
[EventCountry "POL"]
[SourceTitle "CBM 173 Extra"]
[Source "ChessBase"]
[SourceDate "2016.08.29"]
[SourceVersion "1"]
[SourceVersionDate "2016.08.29"]
[SourceQuality "1"]

1. e4 d6 2. f4 e5 3. Nf3 exf4 4. d4 g5 5. h3 h6 6. Nc3 Bg7 7. Bc4 Nc6 8. 0-0 Nge7 9. a3 0-0 10. b4 Ng6 11. Bb2 Be6 12. Be2 Nce7 13. d5 Bd7 14. Nd4 Nh4 15. Qd3 Neg6 16. Nf3 f5 17. Nxh4 Nxh4 18. Rab1 Qe7 19. Qc4 fxe4 20. Nxe4 Bxb2 21. Rxb2 Nf5 22. Bf3 Ne3 23. Qe2 Nxf1 24. Qxf1 0-1

[Event "Kochan Memorial op 27th"]
[Site "Koszalin"]
[Date "2016.08.08"]
[Round "1"]
[White "Malaniuk, Vladimir P"]
[Black "Bilczewski, Kacper"]
[Result "1/2-1/2"]
[WhiteElo "2471"]
[BlackElo "2080"]
[PlyCount "71"]
[EventDate "2016.08.08"]
[EventType "swiss"]
[EventRounds "9"]
[EventCountry "POL"]
[SourceTitle "CBM 173 Extra"]
[Source "ChessBase"]
[SourceDate "2016.08.29"]
[SourceVersion "1"]
[SourceVersionDate "2016.08.29"]
[SourceQuality "1"]

1. d4 d5 2. c4 c6 3. e3 Nf6 4. Nc3 e6 5. Nf3 Nbd7 6. Qc2 Bd6 7. b3 Qe7 8. Bb2 0-0 9. h3 dxc4 10. Bxc4 e5 11. 0-0 exd4 12. Nxd4 Nb6 13. Bd3 Qe5 14. Nf3 Qh5 15. Ne4 Nxe4 16. Bxe4 f5 17. Bd3 f4 18. Rad1 Bc7 19. Rfe1 Kh8 20. exf4 Nd5 21. f5 Bxf5 22. Bxf5 Qxf5 23. Qxf5 Rxf5 24. Nd4 Rf7 25. Ne6 Bb6 26. Bd4 Bxd4 27. Nxd4 h6 28. f3 Nc3 29. Rd2 Rd7 30. Rc2 Rxd4 31. Rxc3 Rad8 32. Re7 R8d7 33. Rxd7 Rxd7 34. Rc2 Kg8 35. Kf2 Kf7 36. Ke3 1/2-1/2

[Event "Kaunas Butnorius 70 op"]
[Site "Kaunas"]
[Date "2016.08.05"]
[Round "7"]
[White "Jegorovas, Aleksandras"]
[Black "Malaniuk, Vladimir P"]
[Result "1/2-1/2"]
[WhiteElo "2265"]
[BlackElo "2471"]
[PlyCount "111"]
[EventDate "2016.08.01"]
[EventType "swiss"]
[EventRounds "9"]
[EventCountry "LTU"]
[SourceTitle "CBM 173 Extra"]
[Source "ChessBase"]
[SourceDate "2016.08.29"]
[SourceVersion "1"]
[SourceVersionDate "2016.08.29"]
[SourceQuality "1"]

1. d4 f5 2. Nc3 Nf6 3. Bg5 d5 4. Bxf6 exf6 5. e3 Be6 6. h4 h5 7. Nh3 c6 8. Nf4 Bf7 9. Bd3 g6 10. Qf3 Nd7 11. 0-0-0 Qc7 12. Rh3 0-0-0 13. Rg3 Rh6 14. Nfe2 Bd6 15. Rh3 Kb8 16. Rhh1 Rhh8 17. Kb1 Nb6 18. g3 Qe7 19. Ka1 Bc7 20. Nb1 Nc8 21. Nd2 Nd6 22. Rc1 Ne4 23. Bxe4 fxe4 24. Qg2 b5 25. c3 a5 26. a3 a4 27. Rc2 Kb7 28. Nc1 Bd6 29. Na2 Rc8 30. Qf1 Ra8 31. Qe2 Be6 32. Nb4 Bg4 33. Qf1 Be6 34. Na2 g5 35. Nb4 Qd7 36. Qe2 Kc7 37. Qf1 Qf7 38. Qe2 Kd7 39. Qf1 Qg6 40. Qe2 Be7 41. Qf1 Qf7 42. Qe2 Bg4 43. Qf1 Qe6 44. Qc1 Ke8 45. Qf1 Kf7 46. f3 exf3 47. Nxf3 Kg7 48. hxg5 fxg5 49. Ne5 Raf8 50. Rf2 Rxf2 51. Qxf2 Rc8 52. Qh2 Bf6 53. Nxg4 Qxg4 54. Qxh5 Qxh5 55. Rxh5 Be7 56. g4 1/2-1/2

[Event "Kaunas Butnorius 70 op"]
[Site "Kaunas"]
[Date "2016.08.04"]
[Round "6"]
[White "Malaniuk, Vladimir P"]
[Black "Valantiejus, Vaidotas"]
[Result "1-0"]
[WhiteElo "2471"]
[BlackElo "2151"]
[PlyCount "115"]
[EventDate "2016.08.01"]
[EventType "swiss"]
[EventRounds "9"]
[EventCountry "LTU"]
[SourceTitle "CBM 173 Extra"]
[Source "ChessBase"]
[SourceDate "2016.08.29"]
[SourceVersion "1"]
[SourceVersionDate "2016.08.29"]
[SourceQuality "1"]

1. d4 d5 2. c4 e6 3. Nf3 c5 4. cxd5 exd5 5. g3 Nc6 6. Bg2 Nf6 7. 0-0 Be7 8. Nc3 0-0 9. dxc5 Bxc5 10. a3 Ne4 11. Nxd5 Be6 12. Nc3 Nxc3 13. bxc3 Qxd1 14. Rxd1 Rad8 15. Bf4 Rxd1+ 16. Rxd1 Bxa3 17. Rb1 b6 18. Ng5 Bd7 19. Rd1 Be8 20. Be4 g6 21. Nf3 Kg7 22. Ra1 Bc5 23. Ne5 g5 24. Nxc6 gxf4 25. Rxa7 Bxc6 26. Bxc6 fxg3 27. hxg3 Rd8 28. Bb5 Rd6 29. Kg2 Re6 30. e3 Re7 31. Ra4 Re6 32. Kf3 Rf6+ 33. Ke2 Re6 34. Bd3 h6 35. Ra8 Re7 36. Rb8 Re6 37. Bc4 Re7 38. Bd5 Ra7 39. c4 Rc7 40. Re8 Kf6 41. e4 Kg7 42. f4 f6 43. Kf3 Bd4 44. Kg4 Kh7 45. Rd8 Kg7 46. Kh5 Ra7 47. Rg8+ Kh7 48. Rg6 Ra3 49. Rxh6+ Kg7 50. Rg6+ Kf8 51. Kg4 Ke7 52. Kf5 Ra1 53. g4 Rf1 54. g5 fxg5 55. Rxg5 Be3 56. Rg4 Rg1 57. Rxg1 Bxg1 58. e5 1-0

[Event "Lvov Bank op blitz"]
[Site "Lvov"]
[Date "2016.03.14"]
[Round "13"]
[White "Bortnyk, Olexandr"]
[Black "Malaniuk, Vladimir P"]
[Result "1/2-1/2"]
[WhiteElo "2568"]
[BlackElo "2482"]
[PlyCount "24"]
[EventDate "2016.03.14"]
[EventType "swiss (blitz)"]
[EventRounds "13"]
[EventCountry "UKR"]
[SourceTitle "CBM 171 Extra"]
[Source "ChessBase"]
[SourceDate "2016.04.26"]
[SourceVersion "1"]
[SourceVersionDate "2016.04.26"]
[SourceQuality "1"]

1. d4 f5 2. Nc3 Nf6 3. Bf4 g6 4. e3 Bg7 5. h4 h6 6. Bd3 0-0 7. Nf3 d6 8. Qd2 Nc6 9. 0-0-0 Ng4 10. Bg3 Kh8 11. e4 e5 12. dxe5 dxe5 1/2-1/2

[Event "Lvov Bank op blitz"]
[Site "Lvov"]
[Date "2016.03.14"]
[Round "11"]
[White "Mischuk, Dmitry"]
[Black "Malaniuk, Vladimir P"]
[Result "1/2-1/2"]
[WhiteElo "2349"]
[BlackElo "2482"]
[PlyCount "60"]
[EventDate "2016.03.14"]
[EventType "swiss (blitz)"]
[EventRounds "13"]
[EventCountry "UKR"]
[SourceTitle "CBM 171 Extra"]
[Source "ChessBase"]
[SourceDate "2016.04.26"]
[SourceVersion "1"]
[SourceVersionDate "2016.04.26"]
[SourceQuality "1"]

1. Nf3 f5 2. d3 Nc6 3. d4 e6 4. c4 Nf6 5. Nc3 Bb4 6. Bd2 0-0 7. e3 Qe7 8. Qc2 Bxc3 9. Bxc3 Ne4 10. Bd3 Nxc3 11. Qxc3 d6 12. 0-0-0 e5 13. Bc2 a5 14. a3 e4 15. Nd2 Bd7 16. f3 exf3 17. gxf3 Rae8 18. Rde1 Qf6 19. Rhg1 f4 20. Ne4 Qh6 21. Kb1 fxe3 22. Rxe3 Re7 23. Re2 Qf4 24. Reg2 Qxf3 25. Qd2 Qf4 26. Qc3 Qf3 27. Qd2 Qf4 28. Qc3 Qf3 29. Qd2 Qf4 30. Qc3 Qf3 1/2-1/2

[Event "Rasht Khazar op 14th"]
[Site "Rasht"]
[Date "2016.02.16"]
[Round "7"]
[White "Grabliauskas, Virginijus"]
[Black "Malaniuk, Vladimir P"]
[Result "0-1"]
[WhiteElo "2322"]
[BlackElo "2482"]
[PlyCount "55"]
[EventDate "2016.02.11"]
[EventType "swiss"]
[EventRounds "9"]
[EventCountry "IRI"]
[SourceTitle "CBM 170 Extra"]
[Source "ChessBase"]
[SourceDate "2016.02.25"]
[SourceVersion "1"]
[SourceVersionDate "2016.02.25"]
[SourceQuality "1"]

1. d4 d6 2. Nf3 g6 3. g3 Bg7 4. Bg2 e5 5. dxe5 dxe5 6. Qxd8+ Kxd8 7. Nc3 c6 8. Be3 Nd7 9. 0-0-0 Ke7 10. g4 Nh6 11. Bh3 f6 12. g5 Nf5 13. gxf6+ Bxf6 14. Bd2 Nc5 15. Ng5 Nd6 16. Bxc8 Raxc8 17. Be3 Bxg5 18. Bxg5+ Ke6 19. f3 b6 20. b3 Ncb7 21. a4 Rhf8 22. Kb2 Rc7 23. h4 Rcf7 24. Rdg1 Rf5 25. Rg4 Nc5 26. h5 Nf7 27. Be3 Rxh5 28. Rxh5 0-1

[Event "Rasht Khazar op 14th"]
[Site "Rasht"]
[Date "2016.02.15"]
[Round "6"]
[White "Malaniuk, Vladimir P"]
[Black "Sedaghati, Mehrdad"]
[Result "1-0"]
[WhiteElo "2482"]
[BlackElo "2310"]
[PlyCount "77"]
[EventDate "2016.02.11"]
[EventType "swiss"]
[EventRounds "9"]
[EventCountry "IRI"]
[SourceTitle "CBM 170 Extra"]
[Source "ChessBase"]
[SourceDate "2016.02.25"]
[SourceVersion "1"]
[SourceVersionDate "2016.02.25"]
[SourceQuality "1"]

1. d4 Nf6 2. Nf3 e6 3. c4 b6 4. g3 Ba6 5. Qa4 Bb7 6. Bg2 c5 7. dxc5 Bxc5 8. 0-0 0-0 9. Nc3 Be7 10. Rd1 Na6 11. Bf4 Qc8 12. Rac1 Nc5 13. Qc2 d5 14. cxd5 Nxd5 15. Nxd5 Bxd5 16. b4 Ne4 17. Qd3 Qe8 18. Nd4 Nf6 19. e4 Bb7 20. Rc7 Rb8 21. a3 Nh5 22. Be3 Bd6 23. Rxb7 Rxb7 24. e5 Rd7 25. Bc6 Bxe5 26. Qb5 Rxd4 27. Bxd4 a6 28. Qxb6 Bxd4 29. Rxd4 Qe7 30. Qxa6 e5 31. Rd1 e4 32. Qe2 Nf6 33. Qe3 h5 34. h4 Qe6 35. b5 Rc8 36. Kg2 Qa2 37. Rd2 Qa1 38. Qb3 Qe1 39. Qd1 1-0

[Event "Rasht Khazar op 14th"]
[Site "Rasht"]
[Date "2016.02.13"]
[Round "3"]
[White "Malaniuk, Vladimir P"]
[Black "Maghsoodloo, Parham"]
[Result "1/2-1/2"]
[WhiteElo "2482"]
[BlackElo "2461"]
[PlyCount "112"]
[EventDate "2016.02.11"]
[EventType "swiss"]
[EventRounds "9"]
[EventCountry "IRI"]
[SourceTitle "CBM 170 Extra"]
[Source "ChessBase"]
[SourceDate "2016.02.25"]
[SourceVersion "1"]
[SourceVersionDate "2016.02.25"]
[SourceQuality "1"]

1. d4 Nf6 2. Nf3 g6 3. c3 Bg7 4. Bg5 d6 5. Nbd2 Nbd7 6. e4 e5 7. Bd3 0-0 8. 0-0 c6 9. Re1 Qc7 10. h3 Re8 11. Qc2 b6 12. a4 Nh5 13. Be3 h6 14. b4 Nf4 15. Bf1 g5 16. Rad1 Nf6 17. dxe5 dxe5 18. Nc4 Bf8 19. Bc1 Ng6 20. Ne3 Be6 21. Bb2 a6 22. g3 b5 23. Ra1 Qb7 24. Nd2 c5 25. axb5 axb5 26. Rxa8 Rxa8 27. bxc5 Bxc5 28. Bg2 Rd8 29. Nb3 Bb6 30. Ba3 Qa7 31. Qb2 Bxe3 32. Rxe3 Qa4 33. Nc5 Qd1+ 34. Kh2 Bxh3 35. Bxh3 Rd2 36. Rd3 Rxd3 37. Nxd3 Qxd3 38. Bf5 Qf3 39. Bxg6 fxg6 40. Bc5 h5 41. Qa2+ Kh8 42. Qa8+ Ng8 43. Qd5 Qf6 44. Kg2 Nh6 45. Qa8+ Kg7 46. Qb7+ Nf7 47. Qxb5 g4 48. Qd3 Ng5 49. Qd7+ Qf7 50. Qd6 Qf6 51. Qd7+ Nf7 52. Kg1 Qf3 53. Qe7 g5 54. Be3 Kg6 55. Qe6+ Kg7 56. Qe7 Kg6 1/2-1/2

[Event "Rubinstein Memorial op 51st"]
[Site "Polanica Zdroj"]
[Date "2015.08.30"]
[Round "9"]
[White "Malaniuk, Vladimir P"]
[Black "Wisniewski, Michal"]
[Result "1/2-1/2"]
[WhiteElo "2485"]
[BlackElo "2133"]
[PlyCount "168"]
[EventDate "2015.08.22"]
[EventType "swiss"]
[EventRounds "9"]
[EventCountry "POL"]
[SourceTitle "EXT 2016"]
[Source "ChessBase"]
[SourceDate "2015.10.08"]
[SourceVersion "1"]
[SourceVersionDate "2015.10.08"]
[SourceQuality "1"]

1. Nf3 Nf6 2. c4 g6 3. Nc3 d5 4. cxd5 Nxd5 5. Qb3 Nb6 6. d4 Bg7 7. Bf4 0-0 8. e3 Be6 9. Qa3 a5 10. Be2 Nc6 11. Qc5 Nd7 12. Qb5 Nb4 13. 0-0 Nb6 14. a3 c6 15. Qc5 N4d5 16. Nxd5 Nxd5 17. Be5 Qb6 18. Qc2 f6 19. Bg3 Rac8 20. Bc4 Bf7 21. Qe2 Bh6 22. Rfe1 Qd8 23. Rad1 Nb6 24. Bxf7+ Rxf7 25. e4 Qd7 26. Rd3 Qe6 27. Qc2 a4 28. Re2 Rff8 29. b4 Nc4 30. Qxa4 Ra8 31. Qd1 Nxa3 32. d5 cxd5 33. exd5 Qd7 34. Qb3 Kh8 35. Rd1 Nb5 36. Rde1 Rfe8 37. h4 Ra3 38. Qb2 Bg7 39. h5 gxh5 40. Re4 Rd3 41. Qe2 Rxd5 42. Rxe7 Rxe7 43. Qxe7 Qxe7 44. Rxe7 Bf8 45. Rf7 Bxb4 46. Rxf6 Bd6 47. Kh2 Bxg3+ 48. Kxg3 Nd4 49. Nxd4 Rxd4 50. Rb6 Rg4+ 51. Kh3 Rg7 52. g3 Rc7 53. f4 Rg7 54. Rb3 Rc7 55. Kh4 Rg7 56. Rb5 Rg4+ 57. Kh3 Rg7 58. Rxh5 b6 59. Rb5 Rb7 60. Kg4 Rg7+ 61. Kf3 Rb7 62. g4 Kg7 63. Ke4 Kg6 64. Kd5 Rb8 65. Ke6 Re8+ 66. Kd7 Re4 67. f5+ Kg5 68. Rxb6 Rxg4 69. f6 Rf4 70. Ke7 h5 71. f7 h4 72. Rb5+ Kg4 73. Rb4 Rxb4 74. f8Q h3 75. Qg7+ Kf3 76. Qc3+ Kg2 77. Qd2+ Kg1 78. Qe1+ Kg2 79. Qd2+ Kg1 80. Qg5+ Kh1 81. Qf5 Kg2 82. Qd5+ Kg1 83. Qd1+ Kg2 84. Qe2+ Kg1 1/2-1/2

[Event "Rubinstein Memorial op 51st"]
[Site "Polanica Zdroj"]
[Date "2015.08.27"]
[Round "6"]
[White "Antoniewski, Rafal"]
[Black "Malaniuk, Vladimir P"]
[Result "1/2-1/2"]
[WhiteElo "2531"]
[BlackElo "2485"]
[PlyCount "130"]
[EventDate "2015.08.22"]
[EventType "swiss"]
[EventRounds "9"]
[EventCountry "POL"]
[SourceTitle "EXT 2016"]
[Source "ChessBase"]
[SourceDate "2015.10.08"]
[SourceVersion "1"]
[SourceVersionDate "2015.10.08"]
[SourceQuality "1"]

1. d4 f5 2. Nc3 Nf6 3. Bg5 d5 4. e3 e6 5. Nf3 Be7 6. Bd3 0-0 7. 0-0 Ne4 8. Bxe7 Qxe7 9. Ne2 Nd6 10. Rc1 b6 11. c4 dxc4 12. Bxc4 Nxc4 13. Rxc4 c5 14. dxc5 bxc5 15. Rc2 Nc6 16. Rd2 Nb4 17. a3 Nd5 18. Qa4 Bb7 19. Rfd1 Rfc8 20. Ne5 Qc7 21. Nc4 a5 22. Qc2 a4 23. e4 fxe4 24. Qxe4 Re8 25. Qh4 Rf8 26. Qg3 Qxg3 27. hxg3 Ba6 28. Ne5 Rfc8 29. Nf4 Nxf4 30. gxf4 Bb7 31. Nd7 Rc6 32. Nxc5 Rxc5 33. Rd8+ Rxd8 34. Rxd8+ Kf7 35. Rd7+ Kf6 36. Rxb7 Rc1+ 37. Kh2 h5 38. Kg3 Rc2 39. Kf3 h4 40. Rb5 Rd2 41. Ra5 Rxb2 42. Rxa4 Rb3+ 43. Kg4 Rb2 44. g3 hxg3 45. fxg3 Rb3 46. Ra6 Rc3 47. a4 Rc4 48. a5 Ra4 49. Ra8 Ra3 50. a6 Kg6 51. a7 Kf7 52. Kh4 Ra1 53. g4 Ra4 54. Kg3 Ra3+ 55. Kf2 Ra1 56. f5 exf5 57. gxf5 Ra3 58. f6 Ra1 59. Ke3 Ra4 60. Kd3 Ra6 61. Kc4 Ra1 62. Kb3 Ra6 63. Kb2 Ra5 64. fxg7 Kxg7 65. Kb3 Ra1 1/2-1/2

[Event "Rubinstein Memorial op 51st"]
[Site "Polanica Zdroj"]
[Date "2015.08.22"]
[Round "1"]
[White "Malaniuk, Vladimir P"]
[Black "Daniel, Damian"]
[Result "1-0"]
[WhiteElo "2485"]
[BlackElo "2008"]
[PlyCount "61"]
[EventDate "2015.08.22"]
[EventType "swiss"]
[EventRounds "9"]
[EventCountry "POL"]
[SourceTitle "EXT 2016"]
[Source "ChessBase"]
[SourceDate "2015.10.08"]
[SourceVersion "1"]
[SourceVersionDate "2015.10.08"]
[SourceQuality "1"]

1. d4 d5 2. c4 e6 3. Nf3 Nf6 4. Nc3 c6 5. e3 Bd6 6. Bd3 Nbd7 7. e4 dxe4 8. Nxe4 Nxe4 9. Bxe4 e5 10. 0-0 h6 11. Bc2 0-0 12. Qd3 f5 13. c5 Bc7 14. dxe5 Nxe5 15. Qb3+ Kh8 16. Bf4 Be6 17. Qc3 Nxf3+ 18. Qxf3 Bd5 19. Bxc7 Qxc7 20. Qc3 Rae8 21. Rfe1 Qf4 22. a3 Qg5 23. f3 Rxe1+ 24. Rxe1 Rd8 25. Qe3 Qg6 26. Qe7 Rb8 27. Kf2 Qh5 28. h3 Bf7 29. Qd6 Rg8 30. Re7 Re8 31. Rxe8+ 1-0

[Event "Poznan op 23rd"]
[Site "Poznan"]
[Date "2015.08.16"]
[Round "8"]
[White "Malaniuk, Vladimir P"]
[Black "Tomczak, Jacek"]
[Result "1/2-1/2"]
[WhiteElo "2485"]
[BlackElo "2596"]
[PlyCount "25"]
[EventDate "2015.08.10"]
[EventType "swiss"]
[EventRounds "9"]
[EventCountry "POL"]
[SourceTitle "CBM 167 Extra"]
[Source "ChessBase"]
[SourceDate "2015.09.14"]
[SourceVersion "1"]
[SourceVersionDate "2015.09.14"]
[SourceQuality "1"]

1. d4 Nf6 2. Nf3 e6 3. c4 Bb4+ 4. Bd2 Qe7 5. g3 Bxd2+ 6. Qxd2 Nc6 7. b3 d5 8. Bg2 0-0 9. 0-0 dxc4 10. bxc4 e5 11. d5 Nb8 12. Nc3 Nbd7 13. Rfd1 1/2-1/2

[Event "Poznan op 23rd"]
[Site "Poznan"]
[Date "2015.08.11"]
[Round "2"]
[White "Bednarska Bzdega, Malgorzata"]
[Black "Malaniuk, Vladimir P"]
[Result "0-1"]
[WhiteElo "2056"]
[BlackElo "2485"]
[PlyCount "43"]
[EventDate "2015.08.10"]
[EventType "swiss"]
[EventRounds "9"]
[EventCountry "POL"]
[SourceTitle "CBM 167 Extra"]
[Source "ChessBase"]
[SourceDate "2015.09.14"]
[SourceVersion "1"]
[SourceVersionDate "2015.09.14"]
[SourceQuality "1"]

1. e4 d6 2. d4 Nf6 3. Nc3 e5 4. dxe5 dxe5 5. Qxd8+ Kxd8 6. Bc4 Ke8 7. Nf3 Bd6 8. 0-0 a6 9. a4 Bg4 10. Nh4 Be6 11. Bxe6 fxe6 12. f4 Nc6 13. Be3 Ng4 14. Nd1 Nxe3 15. Nxe3 Bc5 16. Rae1 exf4 17. Rxf4 g5 18. Rf6 Ke7 19. Rh6 gxh4 20. Kh1 Raf8 21. Nd5+ Kd7 22. Nf6+ 0-1

[Event "Ceske Budejovice"]
[Site "Ceske Budejovice"]
[Date "2015.06.20"]
[Round "2"]
[White "Malaniuk, Vladimir P"]
[Black "Pechac, Jergus"]
[Result "1-0"]
[WhiteElo "2462"]
[BlackElo "2530"]
[PlyCount "59"]
[EventDate "2015.06.19"]
[EventType "tourn"]
[EventRounds "9"]
[EventCountry "CZE"]
[EventCategory "8"]
[SourceTitle "CBM 167 Extra"]
[Source "ChessBase"]
[SourceDate "2015.09.14"]
[SourceVersion "1"]
[SourceVersionDate "2015.09.14"]
[SourceQuality "1"]

1. d4 Nf6 2. Nf3 c5 3. e3 e6 4. c4 b6 5. Nc3 d6 6. Bd3 Be7 7. 0-0 0-0 8. Re1 Nbd7 9. d5 e5 10. e4 Re8 11. g3 Nf8 12. Nh4 Bh3 13. Nf5 Qd7 14. Bc2 Kh8 15. Ba4 Qc8 16. Bxe8 Qxe8 17. f3 Qd7 18. Qd3 h5 19. Nd1 g6 20. Nxe7 Qxe7 21. a3 Rc8 22. Be3 Ne8 23. b4 Bd7 24. Nf2 f5 25. bxc5 bxc5 26. Rab1 Rc7 27. Rb8 Kh7 28. Bd2 Ng7 29. f4 Qf6 30. Bc3 1-0

[Event "Ceske Budejovice"]
[Site "Ceske Budejovice"]
[Date "2015.06.19"]
[Round "1"]
[White "Szotkowski, Jakub"]
[Black "Malaniuk, Vladimir P"]
[Result "0-1"]
[WhiteElo "2373"]
[BlackElo "2462"]
[PlyCount "116"]
[EventDate "2015.06.19"]
[EventType "tourn"]
[EventRounds "9"]
[EventCountry "CZE"]
[EventCategory "8"]
[SourceTitle "CBM 167 Extra"]
[Source "ChessBase"]
[SourceDate "2015.09.14"]
[SourceVersion "1"]
[SourceVersionDate "2015.09.14"]
[SourceQuality "1"]

1. d4 f5 2. Nf3 Nf6 3. g3 g6 4. Bg2 Bg7 5. 0-0 0-0 6. c4 d6 7. Nc3 c6 8. d5 e5 9. dxe6 Bxe6 10. Bf4 Bxc4 11. Bxd6 Re8 12. Qd4 Ba6 13. Qb4 Qb6 14. Qa3 Ne4 15. Bb4 Nxc3 16. Bxc3 Nd7 17. Bxg7 Kxg7 18. Qc3+ Nf6 19. Rad1 Qc7 20. Nd4 Bxe2 21. Nxe2 Rxe2 22. Rfe1 Rae8 23. Rxe2 Rxe2 24. Bf3 Re7 25. b4 Qe5 26. Qc4 a5 27. a4 axb4 28. Qxb4 g5 29. h3 h6 30. Kg2 Ne4 31. Re1 c5 32. Qc4 Qd4 33. Qxd4+ cxd4 34. g4 Kf6 35. gxf5 Nc5 36. Rb1 Nxa4 37. Rb4 Nc5 38. Rxd4 Kxf5 39. Rd5+ Re5 40. Rd6 b5 41. Rxh6 Nd3 42. Rb6 Rc5 43. Bc6 b4 44. Be8 Nf4+ 45. Kh2 Nd5 46. Rb7 Rc7 47. Rxc7 Nxc7 48. Ba4 Kf4 49. h4 gxh4 50. Kh3 Kg5 51. f4+ Kxf4 52. Kxh4 Ne6 53. Kh3 Nc5 54. Bc2 Ke3 55. Kg2 Kd2 56. Bb1 b3 57. Kf3 b2 58. Bg6 Kc1 0-1

[Event "Hoogeveen Unive op 18th"]
[Site "Hoogeveen"]
[Date "2014.10.16"]
[Round "7"]
[White "Malaniuk, Vladimir P"]
[Black "Rudolf, Anna"]
[Result "1/2-1/2"]
[WhiteElo "2495"]
[BlackElo "2314"]
[PlyCount "104"]
[EventDate "2014.10.11"]
[EventType "swiss"]
[EventRounds "9"]
[EventCountry "NED"]
[SourceTitle "EXT 2015"]
[Source "ChessBase"]
[SourceDate "2014.11.20"]
[SourceVersion "1"]
[SourceVersionDate "2014.11.20"]
[SourceQuality "1"]

1. f4 d5 2. Nf3 Nf6 3. g3 g6 4. Bg2 Bg7 5. 0-0 0-0 6. d3 c6 7. e3 a5 8. a4 Na6 9. Nc3 Nc5 10. Qe1 Qb6 11. Kh1 Qc7 12. e4 dxe4 13. dxe4 Be6 14. Qe3 b6 15. h3 Rad8 16. Re1 Bc8 17. Qf2 Ba6 18. g4 e6 19. Qh4 Rfe8 20. Ng5 h6 21. Nf3 Qe7 22. Qf2 Qc7 23. Bd2 Re7 24. Nh2 e5 25. f5 g5 26. h4 Nh7 27. hxg5 hxg5 28. Be3 Red7 29. Nf3 f6 30. Bf1 Qb7 31. Kg2 Bf8 32. b3 Qc8 33. Bxa6 Qxa6 34. Nd2 Nb7 35. Na2 Bc5 36. Nf1 Bxe3 37. Qxe3 Nc5 38. Nc3 Qb7 39. Re2 Rd4 40. Nd2 Nd3 41. Kg1 Nf4 42. Rh2 Qe7 43. Re1 Qb4 44. Ncb1 Qc5 45. Nf1 Qd6 46. Nbd2 c5 47. Nc4 Qc6 48. Na3 Qd7 49. Nb5 Rd1 50. Nc3 Rd4 51. Nb5 Rd1 52. Nc3 Rd4 1/2-1/2

[Event "Sochi Tseshkovsky Memorial op"]
[Site "Sochi"]
[Date "2014.09.23"]
[Round "7"]
[White "Bakunts, Rafael"]
[Black "Malaniuk, Vladimir P"]
[Result "1/2-1/2"]
[WhiteElo "2237"]
[BlackElo "2523"]
[PlyCount "66"]
[EventDate "2014.09.17"]
[EventType "swiss"]
[EventRounds "9"]
[EventCountry "RUS"]
[SourceTitle "CBM 162 Extra"]
[Source "ChessBase"]
[SourceDate "2014.10.17"]
[SourceVersion "1"]
[SourceVersionDate "2014.10.17"]
[SourceQuality "1"]

1. e4 e5 2. Nf3 Nc6 3. Bb5 a6 4. Ba4 Nf6 5. d3 d6 6. c3 g6 7. Bg5 h6 8. Bh4 Bg7 9. Nbd2 0-0 10. 0-0 b5 11. Bb3 Na5 12. Bc2 c5 13. Re1 Qc7 14. Nf1 Nd7 15. Ne3 Nb6 16. b4 cxb4 17. cxb4 Nc6 18. Bb3 Be6 19. Rc1 Qd7 20. a3 Rac8 21. Nd5 Bxd5 22. exd5 Nd4 23. Nxd4 exd4 24. f3 Rxc1 25. Qxc1 Rc8 26. Qd1 Rc3 27. Re4 Qc8 28. Be1 Rc7 29. Qe2 Kh7 30. Bd2 Qb7 31. Re8 Nd7 32. Re7 Kg8 33. Re8+ Kh7 1/2-1/2

[Event "Rewal op-A 19th"]
[Site "Rewal"]
[Date "2014.08.22"]
[Round "4"]
[White "Malaniuk, Vladimir P"]
[Black "Krainski, Slawomir"]
[Result "1/2-1/2"]
[WhiteElo "2546"]
[BlackElo "2033"]
[PlyCount "117"]
[EventDate "2014.08.19"]
[EventType "swiss"]
[EventRounds "9"]
[EventCountry "POL"]
[SourceTitle "EXT 2015"]
[Source "ChessBase"]
[SourceDate "2014.11.20"]
[SourceVersion "1"]
[SourceVersionDate "2014.11.20"]
[SourceQuality "1"]

1. d4 f5 2. Nc3 Nf6 3. Bg5 d5 4. Bxf6 exf6 5. e3 Be6 6. Nge2 Qd7 7. Nf4 Nc6 8. Bb5 0-0-0 9. a3 g5 10. Nd3 a6 11. Ba4 f4 12. Bxc6 Qxc6 13. exf4 Rg8 14. Ne2 gxf4 15. Nexf4 Bf5 16. 0-0 Qd7 17. Re1 Bd6 18. Qd2 Qg7 19. g3 Qh6 20. Qe3 c6 21. Nxd5 Qg7 22. N5f4 Qd7 23. c3 h5 24. h4 Bxd3 25. Nxd3 Bxg3 26. fxg3 Qh3 27. Qe6+ Qxe6 28. Rxe6 Rxg3+ 29. Kf2 Rxd3 30. Rg1 Rh3 31. Re4 Rd5 32. Rg2 Rb5 33. Kg1 Rf5 34. Rg7 Kb8 35. a4 Rhf3 36. Ree7 Rf1+ 37. Kh2 R1f2+ 38. Rg2 R2f4 39. Kh3 Rf3+ 40. Rg3 Rf2 41. b4 Rc2 42. Ree3 Rff2 43. Rgf3 Rh2+ 44. Kg3 Rcg2+ 45. Kf4 Rxh4+ 46. Kf5 Rhg4 47. Kxf6 h4 48. Kf5 R2g3 49. Rxg3 Rxg3 50. Re8+ Ka7 51. c4 Rb3 52. d5 cxd5 53. cxd5 Rxb4 54. d6 Rd4 55. Ke5 Rd1 56. Rh8 Kb6 57. Ke6 Re1+ 58. Kd5 Rd1+ 59. Ke6 1/2-1/2

[Event "Kochan Memorial 25th"]
[Site "Koszalin"]
[Date "2014.08.14"]
[Round "6"]
[White "Krzyzanowski, Marcin"]
[Black "Malaniuk, Vladimir P"]
[Result "1/2-1/2"]
[WhiteElo "2336"]
[BlackElo "2546"]
[PlyCount "65"]
[EventDate "2014.08.09"]
[EventType "tourn"]
[EventRounds "9"]
[EventCountry "POL"]
[EventCategory "9"]
[SourceTitle "CBM 161 Extra"]
[Source "ChessBase"]
[SourceDate "2014.08.29"]
[SourceVersion "1"]
[SourceVersionDate "2014.08.29"]
[SourceQuality "1"]

1. Nf3 f5 2. d3 Nc6 3. e4 e5 4. Nc3 Nf6 5. exf5 d5 6. d4 exd4 7. Nxd4 Nxd4 8. Qxd4 Bxf5 9. Bg5 Bxc2 10. Be2 c6 11. Bh5+ Bg6 12. Bxg6+ hxg6 13. 0-0-0 Kf7 14. h4 Qa5 15. Kb1 Re8 16. Qd3 Bd6 17. Bxf6 gxf6 18. h5 gxh5 19. Qf5 Re5 20. Qd7+ Be7 21. f4 Re3 22. Rhe1 Qc5 23. Na4 Qd6 24. Qxd6 Rxe1 25. Qd7 Rxd1+ 26. Kc2 Rd4 27. b3 Rd8 28. Qf5 Rh8 29. Qd7 Rg8 30. Nc5 Rxg2+ 31. Kc3 Rxf4 32. Qe6+ Ke8 33. Qd7+ 1/2-1/2